000 00808nam a22002417a 4500
005 20210708101314.0
008 210708b mx ||||| |||| 00| 0 spa d
020 _a9683640974
050 0 4 _aKGF3015
_bI54 1994
245 0 3 _aLa información hacia el nuevo milenio
_c/ Ruben Alvárez Mendiola,...[et al.]
250 _a1a ed.
260 _aMéxico :
_bUniversidad Nacional Autónoma de México,
_c1994
300 _a255 p. ;
_c20 cm.
611 2 _aColoquio La información hacia el nuevo milenio
650 7 _2lemb
_aPrensa y estado
650 7 _2lemb
_aPeriodismo
_xÉtica
650 7 _2lemb
_aInformación
_xGlobalización
650 7 _2lemb
_aJournalismo
_xLeadership
700 1 _aAlvárez Mendiola, Rubén
700 1 _aCardona, Rafael,
700 1 _aCordera Campos, Rolando
942 _2lcc
_cLIB
999 _c156900
_d156898